| 000 | 00427nam a2200181Ia 4500 | ||
|---|---|---|---|
| 001 | 16653 | ||
| 005 | 20260306170325.0 | ||
| 008 | 260306t1993||||xx |||||||||||||| ||und|| | ||
| 041 | _aESP | ||
| 082 |
_a349 _bB26 |
||
| 100 |
_aBasadre Ayulo, Jorge [1939-...] _eAUT |
||
| 245 | 0 | _aHistoria del derecho | |
| 260 | _c1993 | ||
| 300 |
_a459 páginas : _c20 cm. |
||
| 650 | _aGEN | ||
| 654 | _aCDE | ||
| 942 |
_cLIB _dJUS _fJUS _2ddc _n |
||
| 999 |
_c16653 _d16653 |
||